Research of vertical and team leadership in Slovak startups
Definícia pojmov start-up a vertikálne vodcovstvo. Start-upy, zakladatelia, vodcovia a tímy. Neschopnosť zakladateľa vytvoriť kvalitný tím ako jedna z najčastejších príčin zlyhania start-upu. Úlohy zakladateľa a kvalita tímovej práce v start-upe - výskum na vzorke 76 slovenských start-upov s cieľom...
Salvato in:
| Autore principale: | |
|---|---|
| Altri autori: | |
| Natura: | Capitolo di libro |
| Lingua: | inglese |
| Soggetti: | |
| Tags: |
Nessun Tag, puoi essere il primo ad aggiungerne!!
|
MARC
| LEADER | 00000nla a2200000 4500 | ||
|---|---|---|---|
| 001 | 0234936 | ||
| 005 | 20240502083626.1 | ||
| 041 | 0 | |a eng | |
| 044 | |a US | ||
| 245 | 1 | 0 | |a Research of vertical and team leadership in Slovak startups |c Ivana Ljudvigová, Štefan Slávik |
| 520 | |a Definícia pojmov start-up a vertikálne vodcovstvo. Start-upy, zakladatelia, vodcovia a tímy. Neschopnosť zakladateľa vytvoriť kvalitný tím ako jedna z najčastejších príčin zlyhania start-upu. Úlohy zakladateľa a kvalita tímovej práce v start-upe - výskum na vzorke 76 slovenských start-upov s cieľom objasniť charakter vertikálneho a tímového vodcovstva v start-upoch. | ||
| 610 | 2 | 0 | |a podnik |
| 610 | 2 | 0 | |a podnikanie |
| 610 | 2 | 0 | |a start-up |
| 610 | 2 | 0 | |a vodcovstvo |
| 610 | 2 | 0 | |a lídri |
| 610 | 2 | 0 | |a vedenie ľudí |
| 610 | 2 | 0 | |a zdroje ľudské |
| 610 | 2 | 0 | |a tímy pracovné |
| 610 | 2 | 0 | |a práca tímová |
| 610 | 2 | 0 | |a kolektív pracovný |
| 610 | 2 | 0 | |a spolupracovníci |
| 610 | 2 | 0 | |a výskum |
| 610 | 2 | 0 | |a Slovensko |
| 100 | 1 | |a Ljudvigová, Ivana | |
| 700 | 1 | |a Slávik, Štefan, 1955- | |